<?xml version="1.0" encoding="UTF-8"?><?xml-stylesheet type="text/xsl" href="static/style.xsl"?><OAI-PMH xmlns="http://www.openarchives.org/OAI/2.0/" xmlns:xsi="http://www.w3.org/2001/XMLSchema-instance" xsi:schemaLocation="http://www.openarchives.org/OAI/2.0/ http://www.openarchives.org/OAI/2.0/OAI-PMH.xsd"><responseDate>2026-04-14T03:42:38Z</responseDate><request verb="GetRecord" identifier="oai:www.recercat.cat:20.500.12328/1379" metadataPrefix="marc">https://recercat.cat/oai/request</request><GetRecord><record><header><identifier>oai:recercat.cat:20.500.12328/1379</identifier><datestamp>2025-05-20T00:02:41Z</datestamp><setSpec>com_2072_67741</setSpec><setSpec>col_2072_484352</setSpec></header><metadata><record xmlns="http://www.loc.gov/MARC21/slim" xmlns:dcterms="http://purl.org/dc/terms/" xmlns:xsi="http://www.w3.org/2001/XMLSchema-instance" xmlns:doc="http://www.lyncode.com/xoai" xsi:schemaLocation="http://www.loc.gov/MARC21/slim http://www.loc.gov/standards/marcxml/schema/MARC21slim.xsd">
   <leader>00925njm 22002777a 4500</leader>
   <datafield ind2=" " ind1=" " tag="042">
      <subfield code="a">dc</subfield>
   </datafield>
   <datafield ind2=" " ind1=" " tag="720">
      <subfield code="a">Bastida Vialcanet, Ramon</subfield>
      <subfield code="e">author</subfield>
   </datafield>
   <datafield ind2=" " ind1=" " tag="720">
      <subfield code="a">Somoza, Antonio</subfield>
      <subfield code="e">author</subfield>
   </datafield>
   <datafield ind2=" " ind1=" " tag="720">
      <subfield code="a">Vallverdú, Josep</subfield>
      <subfield code="e">author</subfield>
   </datafield>
   <datafield ind2=" " ind1=" " tag="260">
      <subfield code="c">2015</subfield>
   </datafield>
   <datafield ind2=" " ind1=" " tag="520">
      <subfield code="a">El objetivo de este trabajo es estudiar la contabilidad de la empresa Compañía General de Tabacos de Filipinas a partir de la documentación depositada en el Arxiu Nacional de Catalunya (Archivo Nacional de Cataluña). El estudio tiene un horizonte temporal de cuarenta años, desde el momento de la fundación, 1881, hasta el año 1922. En una primera parte se estudian las actividades y evolución de la empresa, en concreto, como fue diversificando sus actividades y los problemas que esto le ocasionó. Especial mención merece la expansión que disfrutó durante la Primera Guerra Mundial y que marcará el acontecer futuro. En la segunda parte hay un estudio detallado de las partidas que formaron parte del balance de situación y de la cuenta de gestión. También aquí se detecta cómo de forma paralela a los negocios, las necesidades informativas fueron crecientes. Remarcar que aun cuando la empresa muestra un grado importante de sofisticación en la teneduría de libros tanto por el detalle de información proporcionada como por el tratamiento de la misma, la utilización abusiva de ciertas partidas, como Valores pendientes, no permite obtener una visión demasiado nítida de la evolución de los negocios. Se puede concluir a partir de este trabajo que la contabilidad de la compañía, además de cumplir con los requisitos legales que se establecían, permitía tomar decisiones sobre las diferentes actividades a la vez que muestra un alto grado de elaboración en una época sin ayudas tecnológicas. Hace falta decir, además, que dada la distancia geográfica entre los centros de explotación y la administración, el control que se ejercía sobre estos estaba fundamentado en la información administrativa y contable que se realizaba.</subfield>
   </datafield>
   <datafield ind1="8" ind2=" " tag="024">
      <subfield code="a">Bastida Vialcanet, Ramón; Somoza, Antonio; Vallverdú, Josep. Estudio económico y contable de la compañía general de tabacos de Filipinas: 1881-1922. De Computis: Revista Española de Historia de la Contabilidad, 2015, vol. 12, núm. 22, p. 7-36. Disponible en: &lt;https://dialnet.unirioja.es/servlet/articulo?codigo=5495615>. Fecha de acceso: 6 dic. 2019.</subfield>
   </datafield>
   <datafield ind1="8" ind2=" " tag="024">
      <subfield code="a">1886-1881</subfield>
   </datafield>
   <datafield ind1="8" ind2=" " tag="024">
      <subfield code="a">http://hdl.handle.net/20.500.12328/1379</subfield>
   </datafield>
   <datafield tag="653" ind2=" " ind1=" ">
      <subfield code="a">Comptabilitat</subfield>
   </datafield>
   <datafield tag="653" ind2=" " ind1=" ">
      <subfield code="a">Comptabilitat -- Història</subfield>
   </datafield>
   <datafield tag="653" ind2=" " ind1=" ">
      <subfield code="a">Indústria tabaquera</subfield>
   </datafield>
   <datafield tag="653" ind2=" " ind1=" ">
      <subfield code="a">Tabac</subfield>
   </datafield>
   <datafield tag="653" ind2=" " ind1=" ">
      <subfield code="a">Segle XX</subfield>
   </datafield>
   <datafield tag="653" ind2=" " ind1=" ">
      <subfield code="a">Contabilidad</subfield>
   </datafield>
   <datafield tag="653" ind2=" " ind1=" ">
      <subfield code="a">Contabilidad -- Historia</subfield>
   </datafield>
   <datafield tag="653" ind2=" " ind1=" ">
      <subfield code="a">Industria tabacalera</subfield>
   </datafield>
   <datafield tag="653" ind2=" " ind1=" ">
      <subfield code="a">Tabaco</subfield>
   </datafield>
   <datafield tag="653" ind2=" " ind1=" ">
      <subfield code="a">Accounting</subfield>
   </datafield>
   <datafield tag="653" ind2=" " ind1=" ">
      <subfield code="a">Accounting -- History -- 20th century</subfield>
   </datafield>
   <datafield tag="653" ind2=" " ind1=" ">
      <subfield code="a">Tobacco industry</subfield>
   </datafield>
   <datafield tag="653" ind2=" " ind1=" ">
      <subfield code="a">Tobacco</subfield>
   </datafield>
   <datafield ind2="0" ind1="0" tag="245">
      <subfield code="a">Estudio económico y contable de la compañía general de tabacos de Filipinas: 1881-1922</subfield>
   </datafield>
</record></metadata></record></GetRecord></OAI-PMH>